Sports Quiz

Random Sports or MLB Quiz

2010 MLB playoff teams Quiz Stats

 Plays Quiz not verified by Sporcle

Challenge
Share
Tweet
Embed
Score 0/8 Timer 01:00
0 Plays Today
League % Correct
American LeagueYankees
100%
National LeagueGiants
98.3%
National LeaguePhillies
96.6%
National LeagueBraves
94.8%
American LeagueRays
94.8%
American LeagueRangers
94.8%
American LeagueTwins
94.8%
National LeagueReds
93.1%

You're not logged in!

Compare scores with friends on all Sporcle quizzes.
Join for Free
OR
Log In

You Might Also Like...

Show Comments

Extras

Top Quizzes Today


Score Distribution

Your Account Isn't Verified!

In order to create a playlist on Sporcle, you need to verify the email address you used during registration. Go to your Sporcle Settings to finish the process.

Report this User

Report this user for behavior that violates our Community Guidelines.

Details: